000 00705nam a2200229Ia 4500
003 OSt
005 20220926010219.0
006 a|||||r|||| 00| 0
007 ta
008 220923b |||||||| |||| 00| 0 eng d
037 _cGeneral Book
040 _aRTL
_cRTL
_beng
041 _2eng
_aeng
082 _aX9(J):77.236.N0, N0/SC
100 _aCHOPRA Kanchan
245 0 _aAgricultural development in Punjab
_b Issues in resource use and sustainability.
260 _a New Delhi
_bVikas Publishing House
_c1990
300 _a154p.
_ccm.
500 _aBibliography: P 137-145
942 _hX9(J):77.236.N0, N0/SC
_cGB
_2CC
999 _c616714
_d616714